000
00327nam a22001457a 4500
003
OSt
005
20160727222421.0
008
160628b xxu||||| |||| 00| 0 eng d
040
_c
TEST
100
_9
1255
_a
Rohan Book Company
245
_a
Plants
260
_a
DELHI
_b
R.B COMPANY
_c
2001
300
_a
Plants
942
_2
ddc
_c
BK
999
_c
1029
_d
1029